| 000 | 00634nam a2200205 i 4500 | ||
|---|---|---|---|
| 001 | 103063 | ||
| 003 | ES-MaACL | ||
| 005 | 20230906183246.0 | ||
| 007 | t| | ||
| 008 | 060110s2005 sp ||||1| spa d | ||
| 020 | _a84-9742-449-2 | ||
| 080 | _a308(460) | ||
| 245 | 0 | 3 |
_aLa situación social en España / _cVicenç Navarro (dir.). |
| 260 |
_aMadrid : _bFundación F. Largo Caballero : _bBiblioteca Nueva, _c[2005] |
||
| 300 |
_a675 p. ; _c27 cm. |
||
| 651 | 4 |
_aEspaña- _xSituación social. _98506 |
|
| 700 | 1 |
_aNavarro, Vicenç. _985087 |
|
| 710 | 2 |
_aFundación Largo Caballero. _94355 |
|
| 852 |
_aES-MaACL _jL-29270 _bR.136678 |
||
| 999 |
_c103063 _d103063 |
||